| 000 | 00777nam a22002537a 4500 | ||
|---|---|---|---|
| 001 | 00701 | ||
| 003 | DO-SdBNP | ||
| 005 | 20180202151346.0 | ||
| 007 | 00701 | ||
| 008 | 160704b sp 1998||||| |||| 00| 0 spa d | ||
| 020 | _a9788440683854 | ||
| 040 |
_aBPMSU _bspa _cBPMSU |
||
| 092 |
_axxxxxxxxxx _bxxxxxxxxxx |
||
| 100 | 1 | _aJenkins, Mark | |
| 245 | 1 |
_aRumbo a Tombuctú : _buna travesía en kayak por el río Níger / _cMark Jenkins ; traducción Eduardo Iriarte |
|
| 260 |
_aBarcelona : _bEdiciones B, _c1997. |
||
| 300 |
_a306 p. : _bfot., _c19 cm. |
||
| 490 | 1 | _aBiblioteca grandes viajeros | |
| 700 | 1 |
_aIriarte, Eduardo, _etr. |
|
| 830 | 0 | _aBiblioteca grandes viajeros | |
| 942 |
_2ddc _cBK |
||
| 945 | _aInventariado, 2018/ YL | ||
| 956 |
_aBTAVÁREZ _b10 _c20160406 _d00701 |
||
| 999 |
_c10657 _d10657 |
||